Global history of the ancient world: Asia, Europe and Africa before Islam (Record no. 1218758)

MARC details
000 -LEADER
fixed length control field 00611nam a2200205Ia 4500
008 - FIXED-LENGTH DATA ELEMENTS--GENERAL INFORMATION
fixed length control field 241004s9999 xx 000 0 und d
020 ## - INTERNATIONAL STANDARD BOOK NUMBER
International Standard Book Number 9780367695545
037 ## - SOURCE OF ACQUISITION
Stock number Textbook
040 ## - CATALOGING SOURCE
Original cataloging agency ARTS
Language of cataloging eng
Transcribing agency ARTS
041 ## - LANGUAGE CODE
Language code of text/sound track or separate title eng
Source of code eng
084 ## - COLON CLASSIFICATION NUMBER
Classification number V1.C R2
Assigning agency ARTS
100 ## - MAIN ENTRY--PERSONAL NAME
Personal name Seland Eivind Heldaas Au.
9 (RLIN) 724615
245 ## - TITLE STATEMENT
Title Global history of the ancient world: Asia, Europe and Africa before Islam
Statement of responsibility, etc. Seland Eivind Heldaas Au.
260 ## - PUBLICATION, DISTRIBUTION, ETC.
Place of publication, distribution, etc. UK
Name of publisher, distributor, etc. Routledge
Date of publication, distribution, etc. 2022
300 ## - PHYSICAL DESCRIPTION
Extent 160p.
365 ## - TRADE PRICE
Price type code UKP
Price amount 32.99
650 ## - SUBJECT ADDED ENTRY--TOPICAL TERM
Topical term or geographic name entry element History-World
942 ## - ADDED ENTRY ELEMENTS (KOHA)
Koha item type Textbook
Classification part V1.C R2
Holdings
Withdrawn status Lost status Source of classification or shelving scheme Damaged status Not for loan Home library Current library Date acquired Source of acquisition Cost, normal purchase price Inventory number Total Checkouts Full call number Barcode Date last seen Price effective from Koha item type
    Colon Classification (CC)     Arts Library Arts Library 2024-12-06 Classic Book Service 32.99 99 & 09/01/2023   V1.C R2 AL1666816 2024-10-04 2024-10-04 Textbook
Copyright @ Delhi University Library System